Vista normal
Vista MARC
Entrada Materia (geográfica)
Número de registros utilizados en: 1
001 - CONTROL NUMBER
- control field: 92008
003 - CONTROL NUMBER IDENTIFIER
- control field: Co-BoUCM
005 - DATE AND TIME OF LATEST TRANSACTION
- control field: 20180410160155.0
008 - FIXED-LENGTH DATA ELEMENTS
- fixed length control field: 180410|| aca||aabn | a|a d
040 ## - CATALOGING SOURCE
- Original cataloging agency: Co-BoUCM
- Transcribing agency: Co-BoUCM
151 ## - HEADING--GEOGRAPHIC NAME
- Geographic name: Algeria
- General subdivision: Historia
- Chronological subdivision: Revolución, 1954-1962
670 ## - SOURCE DATA FOUND
- Source citation: Work cat.: (Co-BoUCM)309559: Henni, Samia 1980- 92003, Architecture of counterrevolution, 2017